Subversions of Internationak Order: (Record no. 10406)
[ view plain ]
| 000 -LEADER | |
|---|---|
| fixed length control field | 00512cam a2200169 4500 |
| 001 - CONTROL NUMBER | |
| control field | 8304 |
| 003 - CONTROL NUMBER IDENTIFIER | |
| control field | OCoLC |
| 005 - DATE AND TIME OF LATEST TRANSACTION | |
| control field | 20250620114500.0 |
| 008 - FIXED-LENGTH DATA ELEMENTS--GENERAL INFORMATION | |
| fixed length control field | 010726s2001 enka b 001 0 eng |
| 020 ## - INTERNATIONAL STANDARD BOOK NUMBER | |
| International Standard Book Number | 9780791435847 |
| International Standard Book Number | 9780791435847 |
| 100 ## - MAIN ENTRY--PERSONAL NAME | |
| Personal name | Boreman, John |
| 245 04 - TITLE STATEMENT | |
| Title | Subversions of Internationak Order: |
| Remainder of title | :studies in the political anthropology of culture. |
| 264 #1 - PRODUCTION, PUBLICATION, DISTRIBUTION, MANUFACTURE, AND COPYRIGHT NOTICE | |
| Place of production, publication, distribution, manufacture | New York : |
| Name of producer, publisher, distributor, manufacturer | "State University of New York Press |
| 300 ## - PHYSICAL DESCRIPTION | |
| Extent | vii 319 pages : |
| Other physical details | illustrations ; |
| Dimensions | 25 cm |
| 942 ## - ADDED ENTRY ELEMENTS (KOHA) | |
| Source of classification or shelving scheme | Dewey Decimal Classification |
| Koha item type | Main |
| Withdrawn status | Lost status | Source of classification or shelving scheme | Damaged status | Not for loan | Collection code | Home library | Current library | Shelving location | Date acquired | Inventory number | Total Checkouts | Full call number | Barcode | Date last seen | Price effective from | Koha item type | Public note |
|---|---|---|---|---|---|---|---|---|---|---|---|---|---|---|---|---|---|
| Dewey Decimal Classification | Main TEST | RTC Library | RTC Library | Main opac | 20/06/2025 | 19495 | 327.1 BOR | 30020713 | 20/06/2025 | 20/06/2025 | Main | Donated by Dr.Dolma |